| 000 | 00738nab a2200229 u 4500 | ||
|---|---|---|---|
| 001 | 10417 | ||
| 003 | HDC | ||
| 007 | cr bn ---aaaaa | ||
| 008 | 210204c mydr|nes 0 a may d | ||
| 040 | _aHDC | ||
| 245 | 0 | _aIndustri halal mempu melonjak di rantau IMTGT | |
| 260 |
_aKuala Lumpur : _bBerita Harian, _c2012 |
||
| 336 |
_atext _2rdacontent |
||
| 337 |
_acomputer _2rdamedia |
||
| 338 |
_aonline resource _2rdacarrier |
||
| 650 |
_aHalal industry _9144 |
||
| 650 |
_aTourism industry _92298 |
||
| 856 | _zRequest full-text at [email protected] | ||
| 942 | _2lcc | ||
| 942 | _cNEWS | ||
| 942 | _kNWSC 0000370 | ||
| 999 |
_c7740 _d7740 |
||